[Event "SV Dinslaken 1 - SV Letmathe 1"]
[Site "NRW-Klasse, Gruppe 1 2012/201"]
[Date "2012.09.16"]
[Round "1.7"]
[White "Hunold, Rolf"]
[Black "Ossig, Rainer"]
[Result "1/2-1/2"]
[WhiteElo "1991"]
[BlackElo "2068"]
[PlyCount "81"]
[EventDate "2012.??.??"]
[WhiteTeam "SV Letmathe 1"]
[BlackTeam "SV Dinslaken 1"]

1. e4 e6 2. d4 d5 3. Nd2 Nc6 4. Ngf3 Nf6 5. e5 Nd7 6. c3 f6 7. exf6 Qxf6 8. Be2
Bd6 9. Nf1 O-O 10. Ne3 Ne7 11. O-O Ng6 12. Ng4 Qf5 13. h3 Nf4 14. Bxf4 Qxf4 15.
Qc1 Qf5 16. Qb1 Qxb1 17. Raxb1 h5 18. Ne3 c6 19. Rfe1 g6 20. Bd3 Kg7 21. Re2 e5
22. dxe5 Bxe5 23. Nxe5 Nxe5 24. Bc2 Nf7 25. Rd1 Be6 26. Nf1 Rae8 27. Nd2 Nd6
28. Rde1 Bd7 29. Re7+ Kf6 30. R7e3 Bf5 31. Bxf5 Rxe3 32. Rxe3 Nxf5 33. Rf3 Ke7
34. Nb3 Rf6 35. Nc5 b6 36. Nd3 Re6 37. Kf1 Nd6 38. Nf4 Rf6 39. Re3+ Kd7 40. Nd3
Nf7 41. Ke2 1/2-1/2

[Event "SV Dinslaken 1 - SV Letmathe 1"]
[Site "NRW-Klasse, Gruppe 1 2012/201"]
[Date "2012.09.16"]
[Round "1.8"]
[White "Wokrina, Andre"]
[Black "Pfleger, Sascha"]
[Result "1-0"]
[WhiteElo "1988"]
[BlackElo "2016"]
[PlyCount "65"]
[EventDate "2012.??.??"]
[WhiteTeam "SV Dinslaken 1"]
[BlackTeam "SV Letmathe 1"]

1. Nf3 d5 2. g3 c6 3. Bg2 Nd7 4. d4 Ngf6 5. O-O g6 6. b3 Bg7 7. Bb2 Ne4 8. c4
O-O 9. Nbd2 Ndf6 10. b4 Nxd2 11. Nxd2 dxc4 12. Nxc4 Be6 13. Qc2 Nd5 14. a3 Nb6
15. Na5 Rb8 16. Rad1 Qd7 17. Nb3 Bh3 18. Nc5 Qc8 19. Rd3 Bxg2 20. Kxg2 Nd5 21.
e4 Nf6 22. f3 Rd8 23. Rc1 Bh6 24. Rcd1 Ne8 25. Bc1 Bxc1 26. Qxc1 Kg7 27. h4 h5
28. Qf4 Qc7 29. e5 Rd5 30. g4 hxg4 31. h5 Kg8 32. hxg6 fxg6 33. Ne6 1-0

[Event "Bielefelder SK 1 - LSV Turm Lippstadt 1"]
[Site "NRW-Klasse, Gruppe 1 2012/201"]
[Date "2012.09.16"]
[Round "1.1"]
[White "Wehmeier, Stefan"]
[Black "Forchert, Martin"]
[Result "1/2-1/2"]
[WhiteElo "2388"]
[BlackElo "2261"]
[PlyCount "146"]
[EventDate "2012.??.??"]
[WhiteTeam "LSV Turm Lippstadt 1"]
[BlackTeam "Bielefelder SK 1"]

1. Nf3 d5 2. g3 c6 3. Bg2 Bg4 4. c4 e6 5. Qb3 Qb6 6. d4 Nd7 7. c5 Qxb3 8. axb3
e5 9. e3 e4 10. Nfd2 a6 11. Nc3 Ngf6 12. b4 O-O-O 13. O-O Be7 14. Nb3 Ne8 15.
b5 axb5 16. Bd2 Nc7 17. Na2 Na6 18. Nb4 Ndb8 19. Nxa6 bxa6 20. Ba5 Rd7 21. Nd2
Re8 22. Ra3 Be6 23. Rfa1 Rb7 24. R3a2 f5 25. f4 exf3 26. Nxf3 Bf6 27. h4 Rbe7
28. Bd2 Kb7 29. Bh3 Bc8 30. Rf1 g6 31. Ne1 Rf7 32. Nd3 Bd8 33. Ne5 Rfe7 34. Ba5
Bxa5 35. Rxa5 Nd7 36. Nxd7 Bxd7 37. Rfa1 Rxe3 38. Rxa6 Re1+ 39. Bf1 Rxa1 40.
Rxa1 Re4 41. Rd1 Kc7 42. Rd3 f4 43. Bg2 Re1+ 44. Kf2 Rb1 45. Rd2 fxg3+ 46. Kxg3
Bf5 47. Bf3 b4 48. Bd1 Ra1 49. Kf4 Be4 50. Kg5 h5 51. Kf6 Kd7 52. Kf7 Rb1 53.
Kf6 Rc1 54. b3 Kc7 55. Ke5 Rc3 56. Ra2 Rc1 57. Rd2 Kb7 58. Kd6 Rb1 59. Kd7 Bf5+
60. Kd6 Rc1 61. Ke5 Rc3 62. Kf4 Rh3 63. Kg5 Be4 64. Rf2 Rg3+ 65. Kf4 Rd3 66.
Bc2 Rh3 67. Bxe4 dxe4 68. Kxe4 Rxb3 69. d5 cxd5+ 70. Kxd5 Rd3+ 71. Kc4 Rh3 72.
Kxb4 Rxh4+ 73. Kb5 Re4 1/2-1/2

[Event "Bielefelder SK 1 - LSV Turm Lippstadt 1"]
[Site "NRW-Klasse, Gruppe 1 2012/201"]
[Date "2012.09.16"]
[Round "1.2"]
[White "Goeßling, Guido"]
[Black "Matthias, Heiner"]
[Result "1/2-1/2"]
[WhiteElo "2144"]
[BlackElo "2320"]
[PlyCount "81"]
[EventDate "2012.??.??"]
[WhiteTeam "Bielefelder SK 1"]
[BlackTeam "LSV Turm Lippstadt 1"]

1. e4 c5 2. Nf3 e6 3. d4 cxd4 4. Nxd4 Nf6 5. Nc3 d6 6. Be2 Be7 7. O-O a6 8. f4
Nc6 9. Be3 O-O 10. Kh1 Bd7 11. Qe1 Nxd4 12. Bxd4 Bc6 13. Qg3 g6 14. Bd3 Nh5 15.
Qe3 b5 16. a4 Qd7 17. b3 Rfe8 18. e5 dxe5 19. fxe5 Red8 20. axb5 axb5 21. Rxa8
Rxa8 22. Ne4 Ng7 23. Bc5 Nf5 24. Qf4 Bxe4 25. Qxe4 Rc8 26. Bxe7 Nxe7 27. Ra1
Qd5 28. Ra5 Qxe4 29. Bxe4 Rc5 30. Bd3 Rxe5 31. Kg1 Re1+ 32. Kf2 Rh1 33. Rxb5
Rxh2 34. c4 Rh1 35. c5 Rc1 36. b4 Nd5 37. Be4 Nxb4 38. Rxb4 Rxc5 39. Ke3 h5 40.
Kd4 Rg5 41. Rb2 1/2-1/2

[Event "Bielefelder SK 1 - LSV Turm Lippstadt 1"]
[Site "NRW-Klasse, Gruppe 1 2012/201"]
[Date "2012.09.16"]
[Round "1.3"]
[White "Jesse, Ingemars"]
[Black "Wagenknecht, Uwe"]
[Result "1-0"]
[WhiteElo "2289"]
[BlackElo "2175"]
[PlyCount "73"]
[EventDate "2012.??.??"]
[WhiteTeam "LSV Turm Lippstadt 1"]
[BlackTeam "Bielefelder SK 1"]

1. c4 Nf6 2. Nc3 g6 3. g3 Bg7 4. Bg2 O-O 5. e4 d6 6. Nge2 e5 7. d3 Nc6 8. O-O
Be6 9. f4 Qd7 10. Rb1 a5 11. a3 Ne8 12. b4 axb4 13. axb4 Bg4 14. b5 Nd4 15. f5
Ra2 16. Rb2 Rxb2 17. Bxb2 gxf5 18. h3 Bh5 19. Qd2 Nxe2+ 20. Nxe2 fxe4 21. dxe4
Qe6 22. g4 Bh6 23. Qc3 Bg6 24. Ng3 f6 25. Nf5 Bf4 26. Bc1 Bxc1 27. Rxc1 Bxf5
28. exf5 Qc8 29. Qf3 b6 30. Ra1 Kg7 31. Qc6 Qd8 32. Ra7 h5 33. Qxb6 hxg4 34.
hxg4 Rg8 35. Qe3 Kh7 36. b6 Rg7 37. b7 1-0

[Event "Bielefelder SK 1 - LSV Turm Lippstadt 1"]
[Site "NRW-Klasse, Gruppe 1 2012/201"]
[Date "2012.09.16"]
[Round "1.4"]
[White "Simon, Hans Christian"]
[Black "Brenke, Andreas"]
[Result "1/2-1/2"]
[WhiteElo "2129"]
[BlackElo "2297"]
[PlyCount "56"]
[EventDate "2012.??.??"]
[WhiteTeam "Bielefelder SK 1"]
[BlackTeam "LSV Turm Lippstadt 1"]

1. Nf3 d6 2. d4 Bg4 3. e4 Nf6 4. Bd3 g6 5. O-O Bg7 6. Nbd2 O-O 7. h3 Bd7 8. c3
Nc6 9. a4 e5 10. dxe5 Nxe5 11. Nxe5 dxe5 12. Qe2 Nh5 13. Nf3 Qe7 14. Bc4 Be6
15. Rd1 Ng3 16. fxg3 Qc5+ 17. Be3 Qxc4 18. Qxc4 Bxc4 19. a5 h6 20. Rd7 Rfc8 21.
g4 a6 22. Kf2 Bb5 23. Rdd1 Bc6 24. Nd2 Kh7 25. Bc5 Rd8 26. Ke3 f5 27. gxf5 gxf5
28. g3 Kg6 1/2-1/2

[Event "Bielefelder SK 1 - LSV Turm Lippstadt 1"]
[Site "NRW-Klasse, Gruppe 1 2012/201"]
[Date "2012.09.16"]
[Round "1.5"]
[White "Tran, Duc Cuong"]
[Black "Gruettemeier, Uwe"]
[Result "1/2-1/2"]
[WhiteElo "2036"]
[BlackElo "2092"]
[PlyCount "43"]
[EventDate "2012.??.??"]
[WhiteTeam "LSV Turm Lippstadt 1"]
[BlackTeam "Bielefelder SK 1"]

1. e4 c6 2. Nc3 d5 3. Nf3 g6 4. d4 Bg7 5. Be2 Bg4 6. exd5 cxd5 7. Ne5 Bxe2 8.
Qxe2 a6 9. O-O Nc6 10. Rd1 e6 11. Nxc6 bxc6 12. Na4 Ne7 13. c3 Nf5 14. Nc5 a5
15. Bf4 O-O 16. Qc2 Re8 17. Re1 Bf8 18. Nd3 Bd6 19. Bxd6 Qxd6 20. Re2 Ng7 21.
Rae1 Nh5 22. Qd2 1/2-1/2

[Event "Bielefelder SK 1 - LSV Turm Lippstadt 1"]
[Site "NRW-Klasse, Gruppe 1 2012/201"]
[Date "2012.09.16"]
[Round "1.6"]
[White "Danielmeier, Ralf"]
[Black "Roemhild, Marcus"]
[Result "1/2-1/2"]
[WhiteElo "2080"]
[BlackElo "2012"]
[PlyCount "53"]
[EventDate "2012.??.??"]
[WhiteTeam "Bielefelder SK 1"]
[BlackTeam "LSV Turm Lippstadt 1"]

1. e4 c5 2. Nc3 g6 3. g3 Bg7 4. Bg2 Nc6 5. d3 d6 6. Be3 Nf6 7. h3 O-O 8. Nge2
e5 9. O-O Nd4 10. f4 Ne8 11. Qd2 Rb8 12. Rae1 Bd7 13. Nd5 Nc7 14. Nec3 Be6 15.
Nxc7 Qxc7 16. Rf2 b5 17. a3 a5 18. Ref1 b4 19. axb4 axb4 20. Nd1 exf4 21. Bxf4
b3 22. c3 Nc6 23. Bh6 Ne5 24. Bxg7 Kxg7 25. d4 Nc4 26. Qf4 Qe7 27. h4 1/2-1/2

[Event "Bielefelder SK 1 - LSV Turm Lippstadt 1"]
[Site "NRW-Klasse, Gruppe 1 2012/201"]
[Date "2012.09.16"]
[Round "1.7"]
[White "Wagner, Alexey"]
[Black "Schnitker, Rainer"]
[Result "1/2-1/2"]
[WhiteElo "2063"]
[BlackElo "2026"]
[PlyCount "52"]
[EventDate "2012.??.??"]
[WhiteTeam "LSV Turm Lippstadt 1"]
[BlackTeam "Bielefelder SK 1"]

1. d4 g6 2. c4 Bg7 3. Nc3 d6 4. Nf3 Bg4 5. e4 Bxf3 6. gxf3 Nc6 7. Be3 e5 8.
dxe5 Nxe5 9. Be2 Nf6 10. Qd2 Qd7 11. Bh6 Bxh6 12. Qxh6 O-O-O 13. Qe3 Kb8 14.
O-O-O Qc6 15. f4 Ned7 16. b3 Rde8 17. Bf3 Qc5 18. Rhe1 h5 19. h3 a5 20. Rd3 Qb4
21. Nd5 Nxd5 22. Rxd5 Nc5 23. Qd2 Qa3+ 24. Qb2 Qb4 25. Qd2 Qa3+ 26. Qb2 Qb4
1/2-1/2

[Event "Bielefelder SK 1 - LSV Turm Lippstadt 1"]
[Site "NRW-Klasse, Gruppe 1 2012/201"]
[Date "2012.09.16"]
[Round "1.8"]
[White "Schulte, Jens"]
[Black "Schroeder, Kevin"]
[Result "1-0"]
[WhiteElo "1813"]
[BlackElo "1983"]
[PlyCount "81"]
[EventDate "2012.??.??"]
[WhiteTeam "Bielefelder SK 1"]
[BlackTeam "LSV Turm Lippstadt 1"]

1. d4 Nf6 2. Bf4 c5 3. c3 Qb6 4. Qb3 Nc6 5. e3 d6 6. Nf3 Bf5 7. Qxb6 axb6 8. a3
cxd4 9. exd4 Nd5 10. Bg3 Bg4 11. Nbd2 e5 12. Bc4 Nc7 13. dxe5 dxe5 14. Nxe5
Nxe5 15. Bxe5 O-O-O 16. f3 Re8 17. O-O-O Rxe5 18. fxg4 Bc5 19. Rhe1 Rhe8 20.
Rxe5 Rxe5 21. Nf3 Re4 22. Bd3 Re3 23. Bf5+ Ne6 24. Nd4 Bxd4 25. Rxd4 Re1+ 26.
Kc2 g6 27. Bxe6+ fxe6 28. Rd2 e5 29. Rf2 e4 30. Kd2 Rh1 31. h3 Kd7 32. Ke3 Re1+
33. Kd2 Rb1 34. Ke3 Re1+ 35. Re2 Rxe2+ 36. Kxe2 Kd6 37. Ke3 Ke5 38. c4 g5 39.
g3 b5 40. cxb5 b6 41. a4 1-0

[Event "SK Münster 2 - SV Hattingen 1"]
[Site "NRW-Klasse, Gruppe 1 2012/201"]
[Date "2012.09.16"]
[Round "1.1"]
[White "Stohl, Igor"]
[Black "Emunds, Hans Georg"]
[Result "1-0"]
[WhiteElo "2481"]
[BlackElo "2179"]
[PlyCount "65"]
[EventDate "2012.??.??"]
[WhiteTeam "SV Hattingen 1"]
[BlackTeam "SK Münster 2"]

1. d4 Nf6 2. c4 e6 3. Nc3 Bb4 4. Qc2 O-O 5. a3 Bxc3+ 6. Qxc3 b6 7. Bg5 Bb7 8.
e3 d6 9. Ne2 Nbd7 10. Qc2 Be4 11. Qd2 e5 12. f3 Bb7 13. e4 c6 14. Nc3 h6 15.
Be3 d5 16. exd5 cxd5 17. O-O-O Qc7 18. dxe5 Nxe5 19. Bd4 Rad8 20. Nb5 Qb8 21.
Nxa7 dxc4 22. Nb5 Rd5 23. Nc3 Rd7 24. Qf2 Rc8 25. Be2 b5 26. Qg3 Nd3+ 27. Bxd3
Qxg3 28. hxg3 cxd3 29. Bxf6 gxf6 30. Rxh6 Rc6 31. Kd2 Re6 32. Re1 Rxe1 33. Kxe1
1-0

[Event "SK Münster 2 - SV Hattingen 1"]
[Site "NRW-Klasse, Gruppe 1 2012/201"]
[Date "2012.09.16"]
[Round "1.2"]
[White "Mueschenich, Stefan"]
[Black "de Vreugt, Dennis"]
[Result "0-1"]
[WhiteElo "2106"]
[BlackElo "2369"]
[PlyCount "60"]
[EventDate "2012.??.??"]
[WhiteTeam "SK Münster 2"]
[BlackTeam "SV Hattingen 1"]

1. Nf3 d5 2. b3 Bg4 3. Bb2 Nd7 4. c4 c6 5. d3 Bxf3 6. gxf3 e5 7. cxd5 cxd5 8.
e3 Bc5 9. d4 exd4 10. Bxd4 Ngf6 11. Bxc5 Nxc5 12. Bb5+ Ke7 13. Qd4 Qd6 14. O-O
Ne6 15. Qd2 Rhd8 16. Rd1 d4 17. Qe2 Qc5 18. Nd2 dxe3 19. fxe3 Nf4 20. Qe1 Kf8
21. a4 Nd3 22. Ne4 Nxe1 23. Nxc5 Nxf3+ 24. Kg2 Nh4+ 25. Kh3 b6 26. Bc6 Rac8 27.
Rxd8+ Rxd8 28. Nb7 Rc8 29. Rc1 Nf5 30. Rc3 Ne7 0-1

[Event "SK Münster 2 - SV Hattingen 1"]
[Site "NRW-Klasse, Gruppe 1 2012/201"]
[Date "2012.09.16"]
[Round "1.3"]
[White "Jonkman, Harmen"]
[Black "Virnyi, Julius"]
[Result "1-0"]
[WhiteElo "2421"]
[BlackElo "2056"]
[PlyCount "71"]
[EventDate "2012.??.??"]
[WhiteTeam "SV Hattingen 1"]
[BlackTeam "SK Münster 2"]

1. e4 c5 2. c3 Nf6 3. e5 Nd5 4. Nf3 Nc6 5. Bc4 e6 6. d4 cxd4 7. cxd4 d6 8. O-O
Be7 9. exd6 Qxd6 10. Nc3 Nxc3 11. bxc3 O-O 12. Re1 b6 13. Ng5 Bxg5 14. Bxg5 Bb7
15. Qg4 Kh8 16. Bf4 Qd8 17. Re3 Ne7 18. Rh3 Be4 19. Bc7 Qxc7 20. Qxe4 Ng6 21.
Bb3 Rae8 22. Re1 Qf4 23. Qd3 Qd6 24. Qf3 Nf4 25. Rh4 Ng6 26. Rhe4 Rc8 27. h4
Qc6 28. h5 f5 29. R4e3 Qxf3 30. Rxf3 Ne7 31. Rxe6 Nc6 32. Rd6 f4 33. Rd7 b5 34.
Bd5 a5 35. Bxc6 Rxc6 36. Rxf4 1-0

[Event "SK Münster 2 - SV Hattingen 1"]
[Site "NRW-Klasse, Gruppe 1 2012/201"]
[Date "2012.09.16"]
[Round "1.4"]
[White "Kubo, Thomas"]
[Black "Schleining, Zoya"]
[Result "0-1"]
[WhiteElo "2008"]
[BlackElo "2332"]
[PlyCount "64"]
[EventDate "2012.??.??"]
[WhiteTeam "SK Münster 2"]
[BlackTeam "SV Hattingen 1"]

1. Nf3 Nf6 2. g3 d5 3. c4 d4 4. d3 Nc6 5. Bg2 e5 6. Nbd2 Be7 7. O-O O-O 8. Rb1
a5 9. b3 Re8 10. Bb2 h6 11. Ne1 Bf8 12. e4 a4 13. Ra1 Bb4 14. Rb1 Nd7 15. Nc2
Nc5 16. Nf3 axb3 17. axb3 Ra2 18. Nh4 Bc3 19. Bc1 Nb4 20. Nxb4 Bxb4 21. Nf5
Bxf5 22. exf5 Qf6 23. Qf3 c6 24. Rd1 e4 25. dxe4 Nxe4 26. Rb2 Rxb2 27. Bxb2 Nc3
28. Ra1 Re5 29. g4 Re8 30. h3 Ne2+ 31. Kf1 Qe5 32. Bh1 Nf4 0-1

[Event "SK Münster 2 - SV Hattingen 1"]
[Site "NRW-Klasse, Gruppe 1 2012/201"]
[Date "2012.09.16"]
[Round "1.5"]
[White "Jonker, Marc"]
[Black "Kammers, Heribert"]
[Result "1/2-1/2"]
[WhiteElo "2259"]
[BlackElo "2054"]
[PlyCount "34"]
[EventDate "2012.??.??"]
[WhiteTeam "SV Hattingen 1"]
[BlackTeam "SK Münster 2"]

1. e4 e6 2. d4 d5 3. Nc3 Nf6 4. Bg5 Be7 5. e5 Nfd7 6. Bxe7 Qxe7 7. Nb5 Nb6 8.
c3 a6 9. Na3 f6 10. exf6 Qxf6 11. Nf3 N8d7 12. Qe2 O-O 13. Nc2 Re8 14. Ne3 c5
15. Ng4 Qf5 16. Ne3 Qf6 17. Ng4 Qf5 1/2-1/2

[Event "SK Münster 2 - SV Hattingen 1"]
[Site "NRW-Klasse, Gruppe 1 2012/201"]
[Date "2012.09.16"]
[Round "1.6"]
[White "Kaufhold, Thomas"]
[Black "Huette, Stefan"]
[Result "1/2-1/2"]
[WhiteElo "2015"]
[BlackElo "1967"]
[PlyCount "80"]
[EventDate "2012.??.??"]
[WhiteTeam "SK Münster 2"]
[BlackTeam "SV Hattingen 1"]

1. d4 d5 2. Nf3 Bf5 3. c4 e6 4. Nc3 Nc6 5. Bf4 Bd6 6. Bxd6 Qxd6 7. c5 Qd8 8. e3
Nce7 9. Qb3 Qc8 10. Qa4+ c6 11. b4 Nf6 12. Be2 O-O 13. O-O h6 14. Qb3 Ne4 15.
a4 Bg4 16. Ra2 Bxf3 17. Bxf3 Ng5 18. Be2 f5 19. f3 Ng6 20. f4 Ne4 21. Nxe4 fxe4
22. b5 Rb8 23. Rb1 Qe8 24. Rab2 cxb5 25. Qxb5 Qf7 26. Bh5 Qf6 27. Bxg6 Qxg6 28.
Qe2 Qf7 29. a5 Qc7 30. Qb5 Rfc8 31. Qa4 Kh7 32. Rb5 Qc6 33. Qb3 Rc7 34. Rb2 Rf7
35. a6 b6 36. Rb1 Qc8 37. cxb6 Qxa6 38. b7 g5 39. fxg5 hxg5 40. Qb2 Qc6 1/2-1/2

[Event "SK Münster 2 - SV Hattingen 1"]
[Site "NRW-Klasse, Gruppe 1 2012/201"]
[Date "2012.09.16"]
[Round "1.7"]
[White "Lindner-Emden, Carsten"]
[Black "Niermann, Rainer"]
[Result "0-1"]
[WhiteElo "1964"]
[BlackElo "2020"]
[PlyCount "94"]
[EventDate "2012.??.??"]
[WhiteTeam "SV Hattingen 1"]
[BlackTeam "SK Münster 2"]

1. b4 a5 2. b5 c6 3. c4 d5 4. e3 Nf6 5. Bb2 cxb5 6. cxb5 Bg4 7. Nf3 Nbd7 8. d4
e6 9. Be2 Bd6 10. O-O Ne4 11. Ne5 Bxe2 12. Qxe2 Rc8 13. f3 Nef6 14. Nd2 Rc2 15.
Nd3 Qc7 16. Rac1 O-O 17. Rxc2 Qxc2 18. Rc1 Qa4 19. Nc5 Qxa2 20. Nb1 b6 21. Nxd7
Nxd7 22. Re1 Rc8 23. Nc3 Qb3 24. Rc1 Bb4 25. Qc2 Qxc2 26. Rxc2 Nf6 27. Rc1 Bxc3
28. Bxc3 Ne8 29. Kf2 Nd6 30. Ke2 Nxb5 31. Bb2 Rxc1 32. Bxc1 Kf8 33. Kd3 Ke7 34.
e4 Kd7 35. Bb2 Kc6 36. Kc2 Nd6 37. e5 Nc4 38. Bc1 Kb5 39. Kc3 Ka4 40. g4 b5 41.
f4 b4+ 42. Kc2 Kb5 43. h4 a4 44. f5 b3+ 45. Kc3 b2 46. Bxb2 Nxb2 47. Kxb2 Kc4
0-1

[Event "SK Münster 2 - SV Hattingen 1"]
[Site "NRW-Klasse, Gruppe 1 2012/201"]
[Date "2012.09.16"]
[Round "1.8"]
[White "Ollech, Dirk"]
[Black "Schwager, Georg"]
[Result "0-1"]
[WhiteElo "1943"]
[BlackElo "1841"]
[PlyCount "78"]
[EventDate "2012.??.??"]
[WhiteTeam "SK Münster 2"]
[BlackTeam "SV Hattingen 1"]

1. c4 e6 2. g3 d5 3. Bg2 Nf6 4. Nf3 c5 5. O-O Nc6 6. cxd5 exd5 7. d3 Bd6 8. Nc3
O-O 9. Bg5 Be6 10. Rc1 h6 11. Bxf6 Qxf6 12. d4 cxd4 13. Nb5 Be5 14. Ne1 a6 15.
Na3 Nb4 16. Nac2 Nc6 17. f4 Bb8 18. Nf3 Ba7 19. Kh1 Bf5 20. Qd2 Rfe8 21. b4 Re7
22. a4 Rae8 23. Rfe1 b5 24. axb5 axb5 25. Rcd1 Bxc2 26. Qxc2 Nxb4 27. Qb2 Bc5
28. Ne5 Qf5 29. Rc1 Bd6 30. Nc6 Nxc6 31. Rxc6 d3 32. e4 Rxe4 33. Bxe4 Rxe4 34.
Rxe4 Qxe4+ 35. Kg1 Qe3+ 36. Kf1 d2 37. Rc8+ Kh7 38. Qc2+ g6 39. Qd1 Bb4 0-1

[Event "SV Castrop-Rauxel 1 - SG Bochum 2"]
[Site "NRW-Klasse, Gruppe 1 2012/201"]
[Date "2012.09.16"]
[Round "1.1"]
[White "Dahm, Jochen"]
[Black "van Eijk, Sander"]
[Result "0-1"]
[WhiteElo "2297"]
[BlackElo "2416"]
[PlyCount "52"]
[EventDate "2012.??.??"]
[WhiteTeam "SG Bochum 2"]
[BlackTeam "SV Castrop-Rauxel 1"]

1. e4 c5 2. Nf3 a6 3. c3 d5 4. exd5 Nf6 5. d4 cxd4 6. cxd4 Nxd5 7. Nc3 Nc6 8.
Bc4 Be6 9. Bb3 Nxc3 10. bxc3 Bxb3 11. axb3 e6 12. O-O Be7 13. Qe2 O-O 14. Bf4
Qd5 15. Rfd1 Rfd8 16. c4 Qf5 17. Qe3 Bf6 18. Rd2 Nb4 19. Rc1 Rac8 20. h3 Nd5
21. cxd5 Rxc1+ 22. Kh2 Qxd5 23. Ne5 Bxe5 24. Bxe5 f6 25. Bxf6 gxf6 26. Rd3 Qd6+
0-1

[Event "SV Castrop-Rauxel 1 - SG Bochum 2"]
[Site "NRW-Klasse, Gruppe 1 2012/201"]
[Date "2012.09.16"]
[Round "1.2"]
[White "Afek, Yochanan"]
[Black "Tkachuk, Konstantyn"]
[Result "1/2-1/2"]
[WhiteElo "2295"]
[BlackElo "2236"]
[PlyCount "94"]
[EventDate "2012.??.??"]
[WhiteTeam "SV Castrop-Rauxel 1"]
[BlackTeam "SG Bochum 2"]

1. e4 c5 2. c3 g6 3. d4 cxd4 4. cxd4 d5 5. exd5 Nf6 6. Bb5+ Nbd7 7. d6 exd6 8.
Nf3 Bg7 9. Qe2+ Qe7 10. Qxe7+ Kxe7 11. O-O Rd8 12. Nc3 h6 13. Bf4 Nb6 14. h3
Be6 15. Rfe1 Rac8 16. Re2 a6 17. Bd3 Nfd5 18. Bd2 Kd7 19. Rae1 Re8 20. Be4 Nxc3
21. bxc3 Bc4 22. Re3 Nd5 23. Bxd5 Bxd5 24. Rxe8 Rxe8 25. Rxe8 Kxe8 26. a3 Bc4
27. Bf4 Kd7 28. Nd2 Bd3 29. f3 g5 30. Bg3 d5 31. Kf2 Bb5 32. Ke3 Bf8 33. Nb1
Bf1 34. h4 gxh4 35. Bxh4 Bxg2 36. a4 Ke6 37. Nd2 h5 38. Nb3 b6 39. Kf2 Bh3 40.
Bd8 b5 41. axb5 axb5 42. Nc5+ Kd6 43. Nd3 Bh6 44. Kg3 Bf5 45. Nf4 Bg6 46. Bf6
Kc6 47. Be7 Bxf4+ 1/2-1/2

[Event "SV Castrop-Rauxel 1 - SG Bochum 2"]
[Site "NRW-Klasse, Gruppe 1 2012/201"]
[Date "2012.09.16"]
[Round "1.3"]
[White "Kitte, Sebastian"]
[Black "Kusnetsov, Mark"]
[Result "1-0"]
[WhiteElo "2244"]
[BlackElo "2204"]
[PlyCount "111"]
[EventDate "2012.??.??"]
[WhiteTeam "SG Bochum 2"]
[BlackTeam "SV Castrop-Rauxel 1"]

1. d4 d5 2. c4 e6 3. Nc3 Nf6 4. Bg5 Be7 5. cxd5 exd5 6. Qc2 c6 7. e3 Nbd7 8.
Bd3 h6 9. Bh4 b6 10. Nge2 Bb7 11. f3 Rc8 12. O-O O-O 13. Kh1 c5 14. Rad1 a6 15.
a4 Qc7 16. g4 Bd6 17. g5 hxg5 18. Bxg5 cxd4 19. Nxd4 Rfe8 20. Qg2 Nh7 21. Bh6
Bf8 22. Rg1 Qe5 23. f4 Qf6 24. Qh3 Rxe3 25. Qxe3 Qxh6 26. Qf3 Nhf6 27. Rg5 Re8
28. Bf5 Nc5 29. Rdg1 Nce4 30. Nxe4 dxe4 31. Qe3 Nd5 32. Qb3 Nxf4 33. Qe3 Nd5
34. Rxg7+ Qxg7 35. Qh3 Nf6 36. Rxg7+ Bxg7 37. Qg2 Re7 38. Bg4 Rc7 39. h4 Rc1+
40. Kh2 Nxg4+ 41. Qxg4 Kf8 42. Ne6+ fxe6 43. Qf4+ Ke7 44. Qxc1 Be5+ 45. Kh3 Bd5
46. Qe3 b5 47. axb5 axb5 48. b4 Bd6 49. Qg5+ Kd7 50. h5 Bxb4 51. Qg7+ Be7 52.
h6 e3 53. Kg3 Be4 54. h7 Bxh7 55. Qxh7 b4 56. Kf3 1-0

[Event "SV Castrop-Rauxel 1 - SG Bochum 2"]
[Site "NRW-Klasse, Gruppe 1 2012/201"]
[Date "2012.09.16"]
[Round "1.4"]
[White "Kartsev, Alexandr"]
[Black "Kahleys, Kevin"]
[Result "1-0"]
[WhiteElo "2150"]
[BlackElo "2181"]
[PlyCount "115"]
[EventDate "2012.??.??"]
[WhiteTeam "SV Castrop-Rauxel 1"]
[BlackTeam "SG Bochum 2"]

1. d4 d5 2. c4 e6 3. Nc3 Nf6 4. Nf3 c6 5. Bg5 Nbd7 6. e3 Be7 7. cxd5 exd5 8.
Qc2 O-O 9. Bd3 Re8 10. O-O Nf8 11. Rfe1 Be6 12. Ne5 Ng4 13. Bxe7 Qxe7 14. Nxg4
Bxg4 15. f3 Bh5 16. e4 Qg5 17. Qc1 Qf6 18. e5 Qd8 19. Qe3 Ne6 20. Bf5 c5 21.
Bxe6 fxe6 22. Rad1 cxd4 23. Qxd4 a6 24. g4 Bg6 25. f4 Qh4 26. f5 exf5 27. Qxd5+
Kh8 28. gxf5 Bxf5 29. Qxb7 Rab8 30. Qg2 Re6 31. Re3 h5 32. Rde1 Rg6 33. Rg3 Bh3
34. Re4 Rxb2 35. Qxb2 Rxg3+ 36. hxg3 Qxg3+ 37. Kh1 Bg4 38. Rxg4 Qxg4 39. Qb8+
Kh7 40. Qb1+ Kh8 41. Qe1 Qe6 42. Kh2 g6 43. Qe4 Kg7 44. Nd5 g5 45. a4 a5 46.
Kg1 Qg6 47. Qd4 Qb1+ 48. Kg2 Qc2+ 49. Kg3 Kg6 50. Qb6+ Kg7 51. Qf6+ Kh7 52.
Qf7+ Kh6 53. Qf8+ Kh7 54. Qf7+ Kh6 55. Qf8+ Kg6 56. Ne7+ Kh7 57. Qf7+ Kh6 58.
Ng8# 1-0

[Event "SV Castrop-Rauxel 1 - SG Bochum 2"]
[Site "NRW-Klasse, Gruppe 1 2012/201"]
[Date "2012.09.16"]
[Round "1.5"]
[White "Schlawin, Marlon"]
[Black "Kartsev, Soel"]
[Result "1-0"]
[WhiteElo "2211"]
[BlackElo "2155"]
[PlyCount "145"]
[EventDate "2012.??.??"]
[WhiteTeam "SG Bochum 2"]
[BlackTeam "SV Castrop-Rauxel 1"]

1. e4 c5 2. Nf3 a6 3. c3 Nf6 4. e5 Nd5 5. d4 cxd4 6. cxd4 d6 7. Bc4 e6 8. O-O
Be7 9. a3 Nc6 10. Qe2 O-O 11. Bd3 dxe5 12. dxe5 b5 13. Qc2 Bb7 14. Bxh7+ Kh8
15. Be4 Rc8 16. Qd3 f5 17. exf6 Nxf6 18. Nc3 Nxe4 19. Qxe4 Na5 20. Qxe6 Rxf3
21. gxf3 Rc6 22. Qh3+ Kg8 23. Rd1 Rg6+ 24. Kf1 Qf8 25. Nd5 Nb3 26. Rb1 Bc5 27.
Be3 Qf7 28. Nf4 Qc4+ 29. Ne2 Be7 30. Qf5 Rf6 31. Qg4 Qc6 32. Nd4 Qc4+ 33. Ne2
Qc6 34. Bd4 Rg6 35. Qe4 Qxe4 36. fxe4 Bxe4 37. Be3 Bxb1 38. Rxb1 Bg5 39. Bxg5
Rxg5 40. Rd1 Rc5 41. Kg2 Rg5+ 42. Kf3 Rf5+ 43. Kg3 Rg5+ 44. Kf3 Rf5+ 45. Kg2
Rg5+ 46. Ng3 Rc5 47. Rd3 Nc1 48. Rd6 a5 49. Ne4 Rc4 50. Kf3 b4 51. Ng5 Kf8 52.
Rd4 bxa3 53. Rxc4 axb2 54. Rc8+ Ke7 55. Rb8 Nd3 56. Ne4 a4 57. Nc3 a3 58. Rb3
Ne5+ 59. Ke2 Nc4 60. Kd3 Ne5+ 61. Kc2 Nc4 62. Rb4 Ne5 63. Ra4 Nf3 64. Rxa3 Nxh2
65. Kxb2 Ng4 66. Ne4 Ke6 67. Ra5 Ne5 68. Kc3 Kf5 69. Ng3+ Kf4 70. Nh5+ Ke4 71.
Nxg7 Ng4 72. Ra4+ Kf3 73. Rxg4 1-0

[Event "SV Castrop-Rauxel 1 - SG Bochum 2"]
[Site "NRW-Klasse, Gruppe 1 2012/201"]
[Date "2012.09.16"]
[Round "1.6"]
[White "Sokalskyy, Oleksandr"]
[Black "Mazarov, Juergen"]
[Result "1/2-1/2"]
[WhiteElo "2146"]
[BlackElo "2142"]
[PlyCount "40"]
[EventDate "2012.??.??"]
[WhiteTeam "SV Castrop-Rauxel 1"]
[BlackTeam "SG Bochum 2"]

1. c4 c6 2. Nf3 d5 3. e3 Nf6 4. b3 Bg4 5. Bb2 Nbd7 6. cxd5 cxd5 7. h3 Bxf3 8.
Qxf3 e6 9. Bb5 Be7 10. O-O O-O 11. Rc1 Ne4 12. Bxd7 Qxd7 13. d3 Bf6 14. Qe2
Bxb2 15. Qxb2 Nd6 16. a4 Rac8 17. Nd2 Rxc1+ 18. Rxc1 Rc8 19. Nf3 Rxc1+ 20. Qxc1
Qc8 1/2-1/2

[Event "SV Castrop-Rauxel 1 - SG Bochum 2"]
[Site "NRW-Klasse, Gruppe 1 2012/201"]
[Date "2012.09.16"]
[Round "1.7"]
[White "Hobusch, Jan"]
[Black "Kaeding, Rainer"]
[Result "1/2-1/2"]
[WhiteElo "2042"]
[BlackElo "2112"]
[PlyCount "53"]
[EventDate "2012.??.??"]
[WhiteTeam "SG Bochum 2"]
[BlackTeam "SV Castrop-Rauxel 1"]

1. d4 c5 2. c3 e6 3. Nf3 Nf6 4. Bf4 Nc6 5. e3 Qb6 6. Qb3 Qxb3 7. axb3 cxd4 8.
exd4 Nh5 9. Bg3 Nxg3 10. hxg3 Rb8 11. Nbd2 d5 12. Bb5 a6 13. Bxc6+ bxc6 14. b4
f6 15. O-O Bd6 16. Nb3 O-O 17. Ne1 e5 18. Nd3 Rf7 19. Rfd1 e4 20. Ndc5 Rb6 21.
Na5 Re7 22. Nab3 f5 23. Ra2 g5 24. Rda1 Ra7 25. Na5 Rc7 26. Nab3 Ra7 27. Na5
1/2-1/2